Nuevo Testamento

Gardado en:
Detalles Bibliográficos
Formato: Libro
Idioma:Lingua castelá
Publicado: Pamplona Verbo Divino 1963
Edición:9a. ed
Subjects:
Tags: Engadir etiqueta
Sen Etiquetas, Sexa o primeiro en etiquetar este rexistro!

MARC

LEADER 00000nam a2200000 a 4500
001 UCR9284
003 CL-VaPUC
008 980613e19630000SP |||||||||||||||||spa|d
082 0 4 |a 225  |b NUE  |2 21 
245 1 0 |a Nuevo Testamento 
250 |a 9a. ed 
300 |a 610 p 
942 |c BK 
945 |d 19980613 00:00:00  |a crobeson 
260 |a Pamplona  |b Verbo Divino  |c 1963 
650 0 |a Textos sagrados   |9 257605 
650 0 |a Nuevo testamento  |9 257604 
650 0 |a Biblia  |9 257603 
583 |a last modification  |c 20130402 05:55:21  |k Rodrigo Vera 
999 |c 270484  |d 270482 
952 |0 0  |1 0  |4 0  |6 225_000000000000000_NUE_1963  |7 0  |8 A  |9 304795  |a BIBGIM  |b BIBGIM  |d 2019-11-20  |i 3285944  |o 225 NUE 1963  |p 3285944  |r 2025-01-15  |w 2019-11-20  |y BK  |k GIM 
952 |0 0  |1 1  |4 0  |6 225_000000000000000_NUE_1963  |7 0  |8 A  |9 304796  |a BIBARQ  |b BIBARQ  |d 2019-11-20  |i 3286843  |o 225 NUE 1963  |p 3286843  |r 2019-11-20  |w 2019-11-20  |x Retirado en Inventario 2023  |y BK  |k ARQ 
952 |0 0  |1 0  |4 0  |6 225_000000000000000_NUE_1963  |7 0  |8 A  |9 304797  |a BIBEDU  |b BIBEDU  |d 2019-11-20  |i 3287130  |o 225 NUE 1963  |p 3287130  |r 2022-01-17  |w 2019-11-20  |y BK  |k MUS